书目信息 |
| 题名: |
遗传学
|
|
| 作者: | 刘祖洞 , 江绍慧 同编 | |
| 分册: | 上 | |
| 出版信息: | 北京 人民教育出版社 1979 |
|
| 页数: | 249页 | |
| 开本: | 19cm | |
| 丛书名: | ||
| 单 册: | ||
| 中图分类: | Q311 | |
| 科图分类: | ||
| 主题词: | 遗传学--高等学校--教材 | |
| 电子资源: | ||
| ISBN: | ||
| 000 | 00638nam0 2200241 45 | |
| 001 | 0179002568 | |
| 005 | 20060728085432.75 | |
| 010 | @dCNY0.60 | |
| 091 | @a14012.033 | |
| 100 | @a19950727d1979 em y0chiy0121 ea | |
| 101 | 0 | @achi |
| 102 | @aCN@b110000 | |
| 105 | @ay z 000yy | |
| 200 | 10 | @a遗传学@Ayi chuan xue@h上@f刘祖洞,江绍慧编 |
| 210 | @a北京@c人民教育出版社@d1979 | |
| 215 | @a249页@d19cm | |
| 300 | @a高等学校试用教材 | |
| 606 | @a遗传学@x高等学校@x教材 | |
| 690 | @aQ311 | |
| 701 | 0 | @a刘祖洞@Aliu zu dong@4同编 |
| 701 | 0 | @a江绍慧@Ajiang shao hui@4同编 |
| 801 | 0 | @aCN@bNLC@c20060728 |
| 905 | @f1@b22382@dQ311@e6:1 | |
| 遗传学.上/刘祖洞,江绍慧编.-北京:人民教育出版社,1979 |
| 249页;19cm |
| 高等学校试用教材 |
| ISBN :CNY0.60 |
| ● |
| 相关链接 |
|
|
|
|
正题名:遗传学
索取号:Q311/6:1
 
预约/预借
| 序号 | 登录号 | 条形码 | 馆藏地/架位号 | 状态 | 备注 |
| 1 | 0438929 | 204389296 | 第二样本阅览室/ [索取号:Q311/6:1] | 在馆 |